| 000 | 00508nam a2200157 i 4500 | ||
|---|---|---|---|
| 001 | 149419 | ||
| 003 | ES-MaACL | ||
| 005 | 20230906203108.0 | ||
| 007 | t| | ||
| 008 | 071022s1952 sp ||||1| spa d | ||
| 100 | 1 |
_aVarela Hervías, Eulogio. _9113159 |
|
| 245 | 1 | 3 |
_aLa custodia procesional de la muy noble Villa de Madrid / _cpor Eulogio Varela Hervías. |
| 260 |
_a[Madrid : _bAyuntamiento], _c1952 ( _fArtes Gráficas Municipales) |
||
| 300 |
_a20 p. : _bil. ; _c17 cm. |
||
| 852 |
_aES-MaACL _j1939-F-13 |
||
| 999 |
_c149419 _d149419 |
||